MARC细节
| 000 -LEADER |
| fixed length control field |
05147cam a2200505Ia 4500 |
| 001 - CONTROL NUMBER |
| control field |
434869052 |
| 003 - CONTROL NUMBER IDENTIFIER |
| control field |
OCoLC |
| 005 - DATE AND TIME OF LATEST TRANSACTION |
| control field |
20181023090333.0 |
| 008 - FIXED-LENGTH DATA ELEMENTS--GENERAL INFORMATION |
| fixed length control field |
090831s2009 fi ac b 010 0 eng d |
| 020 ## - INTERNATIONAL STANDARD BOOK NUMBER |
| International Standard Book Number |
9519380728 |
| 020 ## - INTERNATIONAL STANDARD BOOK NUMBER |
| International Standard Book Number |
9789519380728 |
| 035 ## - SYSTEM CONTROL NUMBER |
| System control number |
.b25705192 |
| 035 ## - SYSTEM CONTROL NUMBER |
| System control number |
(OCoLC)434869052 |
| 040 ## - CATALOGING SOURCE |
| Original cataloging agency |
GUA |
| Language of cataloging |
eng |
| Transcribing agency |
GUA |
| Modifying agency |
IUL |
| -- |
CDX |
| -- |
N15 |
| -- |
DTM |
| -- |
BWX |
| -- |
DEBBG |
| -- |
OCL |
| -- |
GZQ |
| -- |
EXN |
| 041 0# - LANGUAGE CODE |
| Language code of text/sound track or separate title |
eng |
| -- |
ger |
| -- |
ita |
| 043 ## - GEOGRAPHIC AREA CODE |
| Geographic area code |
aw----- |
| 049 ## - LOCAL HOLDINGS (OCLC) |
| Holding library |
EXNW |
| 082 04 - DEWEY DECIMAL CLASSIFICATION NUMBER |
| Classification number |
930 |
| 245 00 - TITLE STATEMENT |
| Title |
Of god(s), trees, kings, and scholars : |
| Remainder of title |
Neo-Assyrian and related studies in honour of Simo Parpola / |
| Statement of responsibility, etc |
edited by Mikko Luukko, Saana Svärd and Raija Mattila. |
| 246 3# - VARYING FORM OF TITLE |
| Title proper/short title |
Of God, trees, kings, and scholars : |
| Remainder of title |
Neo-Assyrian and related studies in honour of Simo Parpola. |
| 260 ## - PUBLICATION, DISTRIBUTION, ETC. (IMPRINT) |
| Place of publication, distribution, etc |
Helsinki : |
| Name of publisher, distributor, etc |
Finnish Oriental Society, |
| Date of publication, distribution, etc |
2009. |
| 300 ## - PHYSICAL DESCRIPTION |
| Extent |
xxiv, 503 p. : |
| Other physical details |
ill., col. port. ; |
| Dimensions |
25 cm. |
| 336 ## - CONTENT TYPE |
| Content Type Term |
text |
| 337 ## - MEDIA TYPE |
| Media Type Term |
unmediated |
| 338 ## - CARRIER TYPE |
| Carrier Type Term |
volume |
| 490 1# - SERIES STATEMENT |
| Series statement |
Studia orientalia ; |
| Volume number/sequential designation |
106. |
| 500 ## - GENERAL NOTE |
| General note |
"Bibliography of the publications of Simon Parpola": p. [xv]-xxiv. |
| 504 ## - BIBLIOGRAPHY, ETC. NOTE |
| Bibliography, etc |
Includes bibliographical references (p. [445]-501) |
| 505 00 - FORMATTED CONTENTS NOTE |
| Title |
Eunuchen als Thronprätendenten und Herrscher im alten Orient / |
| Statement of responsibility |
Claus Ambos -- |
| Title |
Origins of the artistic interactions between the Assyrian Empire and North Syria revisited / |
| Statement of responsibility |
Sanna Aro -- |
| Title |
Aramaic loanwords in Neo-Assyrian : rejecting some proposals / |
| Statement of responsibility |
Zack Cherry -- |
| Title |
"To speak kindly to him/them" as item of Assyrian political discourse / |
| Statement of responsibility |
Frederick Mario Fales -- |
| Title |
Osservazioni sull'orticoltura di epoca neo-assira / |
| Statement of responsibility |
Sabrina Favaro -- |
| Title |
Assurbanipal at Der / |
| Statement of responsibility |
Eckart Frahm -- |
| Title |
A "new" cylinder inscription of Sargon II of Assyria from Melid / |
| Statement of responsibility |
Grant Frame -- |
| Title |
"Wiping the pot clean" : on cooking pots and polishing operations in Neo-Assyrian sources / |
| Statement of responsibility |
Salvatore Gaspa -- |
| Title |
The camels of Tiglath-pileser III and the Arabic definite article / |
| Statement of responsibility |
Jaakko Hämeen-Anttila -- |
| Title |
Informationen aus der assyriscchen Provinz Dūr-Šarrukku im nördlichen Babylonien / |
| Statement of responsibility |
Karlheinz Kessler -- |
| Title |
A Neo-Assyrian royal funerary text / |
| Statement of responsibility |
Theodore Kwasman -- |
| Title |
A happy son of the king of Assyria : Warikas and the Çineköy bilingual (Cilicia) / |
| Statement of responsibility |
Giovanni B. Lanfranchi. |
| 505 00 - FORMATTED CONTENTS NOTE |
| Title |
Maqlû III 1-30 : internal analysis and manuscript evidence for the revision of an incantation / |
| Statement of responsibility |
Tzvi Abusch -- |
| Title |
Some otherworldly journeys in Mesopotamian, Jewish, Mandaean, and Yezidi traditions / |
| Statement of responsibility |
Amar Annus -- |
| Title |
The diverse enterprises of Šumu-ukin from Babylon / |
| Statement of responsibility |
Muhammad Dandamayev -- |
| Title |
"Armer Mann von Nippur" : ein Werk der Krisenliteratur des 8. Jh. v. Chr. / |
| Statement of responsibility |
Manfried Dietrich -- |
| Title |
Two Middle Assyrian contracts housed in Istanbul / |
| Statement of responsibility |
Veysel Donbaz -- |
| Title |
Two bilingual incantation fragments / |
| Statement of responsibility |
Markham J. Geller -- |
| Title |
Wilhelm Lagus : a pioneer of cuneiform research in Finland / |
| Statement of responsibility |
Tapani Harviainen -- |
| Title |
Wisdom as mediatrix in Sirach 24 : Ben Sira, love lyrics, and prophecy / |
| Statement of responsibility |
Martti Nissinen -- |
| Title |
A Mesopotamian omen in the cycle of Cyrus the Great / |
| Statement of responsibility |
Antonio Panaino ; with an "appendix on cuneiform sources" by Gian Pietro Basello -- |
| Title |
Some reflections on metaphor, ambiguity, and literary tradition / |
| Statement of responsibility |
Simonetta Ponchia -- |
| Title |
Reflections on the translatability of the notion of holiness / |
| Statement of responsibility |
Beate Pongratz-Leisten -- |
| Title |
Altorientalisches im Buch Judith / |
| Statement of responsibility |
Robert Rollinger. |
| 505 00 - FORMATTED CONTENTS NOTE |
| Title |
Remembrance at Assur : the case of the dated Aramaic memorials / |
| Statement of responsibility |
Alasdair Livingstone -- |
| Title |
The chief singer and other late eponyms / |
| Statement of responsibility |
Raija Mattila -- |
| Title |
Family ties : Assurbanipal's family revisited / |
| Statement of responsibility |
Jamie Novotny, |
| -- |
Jennifer Singletary -- |
| Title |
Ašipâ again : a microhistory of an Assyrian provincial administrator / |
| Statement of responsibility |
Bradley J. Parker -- |
| Title |
Neo-Assyrian texts from Nebuchadnezzar's Babylon : a preliminary report / |
| Statement of responsibility |
Olof Pedersén -- |
| Title |
Noseless in Nimrud : more figurative responses to Assyrian domination / |
| Statement of responsibility |
Barbara Nevling Porter -- |
| Title |
Assyrian king and his scholars : the Syro-Anatolian and the Egyptian schools / |
| Statement of responsibility |
Karen Radner -- |
| Title |
Fez, diadem, turban, chaplet : power-dressing at the Assyrian court / |
| Statement of responsibility |
Julian Reade -- |
| Title |
Inschriften des Ninurta-bēlu-uṣur, Statthalters von Kār-Salmānu-ašarēd. Teil 1 / |
| Statement of responsibility |
Wolfgang Röllig -- |
| Title |
Who were the "ladies of the house" in the Assyrian Empire? / |
| Statement of responsibility |
Saana Svärd, |
| -- |
Mikko Luukko -- |
| Title |
I feared the snow and turned back / |
| Statement of responsibility |
Greta Van Buylaere. |
| 546 ## - LANGUAGE NOTE |
| Language note |
Articles in English, with five contributions in German and one in Italian; Includes abstracts in English. |
| 650 #0 - SUBJECT ADDED ENTRY--TOPICAL TERM |
| Topical term or geographic name as entry element |
Akkadian language. |
| 650 #0 - SUBJECT ADDED ENTRY--TOPICAL TERM |
| Topical term or geographic name as entry element |
Civilization, Assyro-Babylonian. |
| 651 #0 - SUBJECT ADDED ENTRY--GEOGRAPHIC NAME |
| Geographic name |
Assyria |
| General subdivision |
Antiquities. |
| 651 #0 - SUBJECT ADDED ENTRY--GEOGRAPHIC NAME |
| Geographic name |
Assyria |
| General subdivision |
History. |
| 700 1# - ADDED ENTRY--PERSONAL NAME |
| Personal name |
Luukko, Mikko. |
| 700 1# - ADDED ENTRY--PERSONAL NAME |
| Personal name |
Mattila, Raija. |
| 700 1# - ADDED ENTRY--PERSONAL NAME |
| Personal name |
Parpola, Simo. |
| 700 1# - ADDED ENTRY--PERSONAL NAME |
| Personal name |
Svärd, Saana, |
| Dates associated with a name |
1977- |
| 776 08 - ADDITIONAL PHYSICAL FORM ENTRY |
| Display text |
Online version: |
| Title |
Of god(s), trees, kings, and scholars. |
| Place, publisher, and date of publication |
Helsinki : Finnish Oriental Society, 2009 |
| Record control number |
(OCoLC)754602984. |
| 830 #0 - SERIES ADDED ENTRY--UNIFORM TITLE |
| Uniform title |
Studia Orientalia ; |
| Volume number/sequential designation |
106. |
| 856 40 - ELECTRONIC LOCATION AND ACCESS |
| Uniform Resource Identifier |
<a href="http://www.andrews.edu/library/screens/databases/db856.cgi?b25705192=http://bvbr.bib-bvb.de:8991/F?func=service&doc_library=BVB01&doc_number=017616861&line_number=0001&func_code=DB_RECORDS&service_type=MEDIA">http://www.andrews.edu/library/screens/databases/db856.cgi?b25705192=http://bvbr.bib-bvb.de:8991/F?func=service&doc_library=BVB01&doc_number=017616861&line_number=0001&func_code=DB_RECORDS&service_type=MEDIA</a> |
| Public note |
Table of contents |
| 942 ## - ADDED ENTRY ELEMENTS (KOHA) |
| Source of classification or shelving scheme |
Library of Congress Classification |
| Item type |
Books |